00827nam a22002057a 450000500170000001000150001702000260003203500140005803700090007208200080008110000230008924500850011226000310019727001430022830000280037170000270039994200220042699900190044895201540046720240823111532.0 aENG-141382 a9789391211332c750.00 aEN-124914 bDBAD a331 aAvtar Singh970463 aIntroduction to Labour and Industrial Law 1/bBy Avtar Singh [and] Harpreet Kaur aGurgaonbLexis Nexisc2024 a14th floor, Building No 10, Tower-B, DLF Cyber City, Phase-ll, bGurgaone122002k+91-124-4774444l+91-124-4774100mhelp.in@lexisnexis.com axxxvii,638p.c24cm(pbk) aKaur, Harpreet 970464 2ddccENmAVTh331 c205225d205225 001040708NFICaBL4bBL4d2024-08-23eDelivery of Books Act Divisiong750.00l0oAVT 331pEN-124914r2024-08-23 00:00:00t1v750.00w2024-08-23yEN